Statistics for Modern-Day Countries of the First French Empire on a Map

Click here to take the quiz!

General Stats

  • This quiz has been taken 4,294 times
  • The average score is 21 of 21

Answers on the Map

Answers color-coded by a green-red scale on the quiz's map according to % correct below.
 

Answer Stats

Countries% Correct
France
100%
Germany
100%
Spain
100%
Austria
99%
Belgium
99%
Italy
99%
Luxembourg
99%
Netherlands
99%
Poland
99%
Switzerland
99%
Croatia
98%
Monaco
98%
San Marino
98%
Vatican City
98%
Liechtenstein
97%
Slovenia
97%
Andorra
96%
Greece
96%
Lithuania
96%
Belarus
95%
Montenegro
94%

Score Distribution

Percentile by Number Answered

Percent of People with Each Score

Your Score History

You have not taken this quiz